Principes et applications diverses de la mnémotechnie ou l'art d'aider la mémoire / (Record no. 161430)

MARC details
000 -LEADER
campo de control de longitud fija 00750nam a22001935i 4500
001 - NÚMERO DE CONTROL
campo de control 161430
003 - IDENTIFICADOR DE NÚMERO DE CONTROL
campo de control ES-MaACL
005 - FECHA Y HORA DE LA ÚLTIMA TRANSACCIÓN
campo de control 20230906212301.0
008 - DATOS DE LONGITUD FIJA--INFORMACIÓN GENERAL
campo de control de longitud fija 041019m18331834fr |||| | fre d
040 ## - FUENTE DE CATALOGACIÓN
Centro catalogador/agencia de origen CAM
Lengua de catalogación spa
Centro/agencia transcriptor CAM
100 1# - ENTRADA PRINCIPAL--NOMBRE DE PERSONA
Nombre de persona Paris, Aimé.
9 (RLIN) 130858
245 10 - MENCIÓN DEL TÍTULO
Título Principes et applications diverses de la mnémotechnie ou l'art d'aider la mémoire /
Mención de responsabilidad, etc. par Aimé Paris.
250 ## - MENCION DE EDICION
Mención de edición 7ème éd.
260 ## - PUBLICACIÓN, DISTRIBUCIÓN, ETC.
Lugar de publicación, distribución, etc. Paris :
Nombre del editor, distribuidor, etc. Chez l'auteur, quai d'Anjou, nº15, Ile St-Louis,
Fecha de publicación, distribución, etc. 1833-1834 (
Fabricante Imp. et Lith. de G. Ayné Neveu)
300 ## - DESCRIPCIÓN FÍSICA
Extensión 2 v. (763 p., [3] h. de lám. pleg.) ;
Dimensiones 21 cm.
596 ## - NOTA AL PIE DE IMPRENTA
NOTA AL PIE DE IMPRENTA En el t.II consta como Editorial: Chez Mansut Fils, Libraire.
650 #4 - PUNTO DE ACCESO ADICIONAL DE MATERIA--TÉRMINO DE MATERIA
Término de materia o nombre geográfico como elemento de entrada Memoria.
9 (RLIN) 14989
852 ## - LOCALIZACIÓN
Ubicación ES-MaACL
Número de control de estantería G-13002-13003
Nota libre -- Enc. hol.
Holdings
Estatus retirado Estado de pérdida Estado de daño No para préstamo Colección Biblioteca de origen Biblioteca actual Ubicación en estantería Fecha de adquisición Fuente de adquisición Total de préstamos Signatura topográfica completa Código de barras Visto por última vez Precio de reemplazo Tipo de ítem Koha
        Libros del s. XIX Biblioteca del Ateneo de Madrid Biblioteca del Ateneo de Madrid Sala Pecera Planta 3 17/01/2008     G-13002-13003 1169094 23/02/2023 23/02/2023 Libro impreso antiguo